Agents de Valorant par émojis - Statistiques

Statistiques générales
  • Ce quiz a été pris 3 909 fois
    2 749 depuis la dernière actualisation
  • Le résultat moyen est 16 sur 26
Statistiques - réponses
Hint Réponse % Correct
⚡️🔋🏃‍♀️ Neon
99%
🌊🧔🏽‍♂️💧 Harbor
90%
🦋🩷💨 Clove
87%
🏹🦉🎯 Sova
85%
💥🧨💣 Raze
84%
🥵♨️🔥 Phoenix
79%
🔫👓🥖 Chamber
77%
📷➰🎩 Cypher
75%
🔪💥🤖 Kay/O
74%
👁️🟣🫥 Reyna
73%
💊🐺🦅 Skye
72%
🧪☣️🦠 Viper
67%
🌪️☁️🗡️ Jett
58%
💊🧱🧊 Sage
57%
🌌🙎🏿‍♀️🌟 Astra
56%
🟣🤼🇨🇳 Iso
56%
⬛🥷🏿🦇 Omen
55%
🪖🎖️💪 Brimstone
53%
㊗️👥🫥 Yoru
50%
😱🐺😨 Fade
49%
💥🇨🇴🕶️ Tejo
48%
🔊🧱👱🏻‍♀️ Deadlock
45%
🌍⛰️🧔 Breach
42%
🌹🧱♠️ Vyse
38%
🔵🟡🟢 Gekko
33%
🤖🔒🧠 Killjoy
29%
Aucun quiz correspondant
Distribution des résultats
% des personnes avec chaque résultat
Percentile par nombre de réponses
Votre historique - résultats
Vous n’avez pas pris ce quiz depuis la dernière actualisation